Les français vainqueurs d'étapes du Tour de France (2000-..) - Statistiques

Statistiques générales
  • Ce quiz a été pris 2 359 fois
    1 505 depuis la dernière actualisation
  • Le résultat moyen est 36 sur 59
Statistiques - réponses
Edition Etape Equipe Vainqueur % Correct
2018 Annecy → Le Grand-Bornand (étape 10) Quick Step-Floors Julian Alaphilippe
98%
2018 Carcassone → Bagnères-de-Luchon (étape 16) Quick Step-Floors Julian Alaphilippe
98%
2019 Binche → Epernay (étape 3) Deceuninck-Quick Step Julian Alaphilippe
98%
2019 Pau → Pau (étape 13) Deceuninck-Quick Step Julian Alaphilippe
98%
2020 Nice (Haut Pays) → Nice (étape 2) Deceuninck-Quick Step Julian Alaphilippe
98%
2021 Brest → Landerneau (étape 1) Deceuninck-Quick Step Julian Alaphilippe
98%
2015 Gap → Saint-Jean-de-Maurienne (étape 18) AG2R La Mondiale Romain Bardet
98%
2016 Albertville → Saint-Gervais-les-Bains (étape 19) AG2R La Mondiale Romain Bardet
98%
2017 Pau → Peyragudes (étape 12) AG2R La Mondiale Romain Bardet
98%
2012 Belfort → Porrentruy (étape 8) FDJ-BigMat Thibaut Pinot
98%
2015 Modane → Alpe d'Huez (étape 20) FDJ Thibaut Pinot
98%
2019 Tarbes → Tourmalet-Barèges (étape 14) Groupama-FDJ Thibaut Pinot
98%
2009 Cap d'Adge → Perpignan (étape 5) Bbox Bouygues Télécom Thomas Voeckler
92%
2010 Palmiers → Bagnères-de-Luchon (étape 15) Bbox Bouygues Télécom Thomas Voeckler
92%
2012 Mâcon → Bellegarde-sur-Valserine (étape 10) Europcar Thomas Voeckler
92%
2012 Pau → Bagnères-de-Luchon (étape 16) Europcar Thomas Voeckler
92%
2022 Castelnau-Magnoac → Cahors (étape 19) Jumbo-Visma Christophe Laporte
88%
2017 Saint-Girons → Foix (étape 13) Sunweb Warren Barguil
86%
2017 Briançon → Col d'Izoard (étape 18) Sunweb Warren Barguil
86%
2011 Modane → Alpe d'Huez (étape 19) Europcar Pierre Rolland
83%
2012 Albertville → La Toussuire-Les Sybelles (étape 11) Europcar Pierre Rolland
83%
2017 Mondorf-les-Bains → Vittel (étape 4) FDJ Arnaud Démare
79%
2018 Trie-sur-Baïse → Pau (étape 18) Groupama-FDJ Arnaud Démare
79%
2017 Dole → Station des Rousses (étape 8) Direct Energie Lilian Calmejane
68%
2008 Roanne → Montluçon (étape 19) Cofidis Sylvain Chavanel
68%
2010 Bruxelles → Spa (étape 3) Quick Step Sylvain Chavanel
68%
2010 Tournus → Station des Rousses (étape 7) Quick Step Sylvain Chavanel
68%
2014 Besançon → Oyonnax (étape 11) Lotto-Belisol Tony Gallopin
62%
2015 Rennes → Mûr-de-Bretagne (étape 8) AG2R La Mondiale Alexis Vuillermoz
61%
2010 Revel → Ax 3 Domaines (étape 14) AG2R La Mondiale Christophe Riblon
57%
2013 Gap → Alpe d'Huez (étape 18) AG2R La Mondiale Christophe Riblon
57%
2000 Courchevel → Morzine (étape 16) Polti Richard Virenque
57%
2002 Lodève → Mont Ventoux (étape 14) Domo-Farm Frites Richard Virenque
57%
2003 Lyon → Morzine (étape 7) Quick Step-Davitamon Richard Virenque
57%
2004 Limoges → Saint-Flour (étape 10) Quick Step-Davitamon Richard Virenque
57%
2020 Cazères → Loudenvielle (étape 8) AG2R La Mondiale Nans Peters
54%
2001 Huy → Verdun (étape 4) CSC-Tiscali Laurent Jalabert
53%
2001 Strasbourg → Colmar (étape 7) CSC-Tiscali Laurent Jalabert
53%
2007 Cahors → Angoulême (étape 18) La Française des Jeux Sandy Casar
40%
2009 Martigny → Bourg-Saint-Maurice (étape 16) La Française des Jeux Sandy Casar
40%
2010 Morzine-Avoriaz → Saint-Jean de Maurienne (étape 9) FDJ Sandy Casar
40%
2014 Tomblaine → Gérardmer La Mauselaine (étape 8) AG2R La Mondiale Blel Kadri
39%
2006 Montélimar → Gap (étape 14) Bouygues Télécom Pierrick Fédrigo
37%
2009 Saint-Gaudens → Tarbes (étape 9) Bbox Bouygues Télécom Pierrick Fédrigo
37%
2010 Bagnères-de-Luchon → Pau (étape 16) Bbox Bouygues Télécom Pierrick Fédrigo
37%
2012 Samatan → Pau (étape 15) FDJ-BigMat Pierrick Fédrigo
37%
2001 Dunkirk (prologue) Festina Christophe Moreau
34%
2009 Barcelone → Andorre-Arcalis (étape 7) Agritubel Brice Feillu
27%
2004 Saint-Flour → Figeac (étape 11) Cofidis David Moncoutié
26%
2005 Briançon → Digne-les-Bains (étape 12) Cofidis David Moncoutié
26%
2007 Tallard → Marseille (étape 10) Quick Step-Innergetic Cédric Vasseur
20%
2008 Saint-Malo → Nantes (étape 3) Cofidis Samuel Dumoulin
19%
2008 Cuneo → Jausiers (étape 16) AG2R La Mondiale Cyril Dessel
16%
2003 Ville d'Avray → Paris Champs-Elysées (étape 20) Jean Delatour Jean-Patrick Nazon
16%
2004 Waterloo → Wasquehal (étape 3) AG2R Prévoyance Jean-Patrick Nazon
16%
2006 Strasbourg → Strasbourg (étape 1) Cofidis Jimmy Casper
16%
2000 Tours → Limoges (étape 7) AG2R Prévoyance Christophe Agnolutto
7%
2006 Saint-Méen-le-Grand → Lorient (étape 8) AG2R Prévoyance Sylvain Calzati
7%
2002 Bazas → Pau (étape 10) Jean Delatour Patrice Halgand
6%
Aucun quiz correspondant
Distribution des résultats
% des personnes avec chaque résultat
Percentile par nombre de réponses
Votre historique - résultats
Vous n’avez pas pris ce quiz depuis la dernière actualisation